| 000 | 01984cam a22002774a 4500 | ||
|---|---|---|---|
| 008 | |||
| 020 | _a9780230280434 (pbk.) | ||
| 020 | _a0230280439 (pbk.) | ||
| 049 | 0 | _aMAIN | |
| 090 | 0 | 0 |
_aHD30.2 _bMEL |
| 100 | 1 | _aMellor, Robert B. | |
| 245 | 1 | 0 |
_aKnowledge management and information systems : _bstrategies for growing organizations / _cRobert Mellor. |
| 260 |
_aBasingstoke ; _aNew York : _bPalgrave Macmillan, _c2011. |
||
| 300 |
_axx, 170 p. : _bill. ; _c24 cm. |
||
| 504 | _aIncludes bibliographical references. | ||
| 500 | _aIncludes index. | ||
| 520 |
_a"Knowledge Management and Information Systems Strategy for Growing Organizations examines the role that information systems play in helping SMEs use knowledge to achieve strategic organizational goals. Adopting a business perspective, it is ideal for students studying strategic information systems and knowledge management"-- _cProvided by publisher. |
||
| 505 | 8 | _aMachine generated contents note: -- Introduction -- PART I: BACKGROUND -- Introduction to Knowledge Management -- Knowledge Management and Innovation -- Knowlege Management, Entrepreneurship and the Value Chain -- Information Systems and SMEs -- PART II: MODELLING THE THEORY -- Knowledge Valley Theory -- Managing Formal Knowledge -- PART III: APPLYING THEORETICAL PRINCIPLES -- Using Knowledge Valley Theory to Increase Organisational Innovation -- Factors that Stop Innovation -- Leadership and Innovation -- Knowledge and Learning -- PART IV: BUILDING APPLIED INFORMATION SYSTEMS -- Recombining Knowledge and Learning -- Drawing Conclusions -- PART V: THE PRACTITIONER VIEW -- Calculating the Benefit -- Larger Organisations -- Conclusion -- References -- Appendix -- Index. | |
| 650 | 0 | _aKnowledge management. | |
| 650 | 0 | _aInformation resources management. | |
| 907 |
_a.b10397012 _b15-03-19 _c15-03-19 |
||
| 003 | |||
| 005 | 20251007161809.0 | ||
| 040 | _cNUST | ||
| 942 |
_cBOOKS _kHD30.2 _mMEL _01 |
||
| 999 |
_c168418 _d168418 |
||